[Event "Linares Anibal op 06th"]
[Site "Linares"]
[Date "1999.01.11"]
[Round "4"]
[White "Tiviakov, Sergei"]
[Black "Rashkovsky, Nukhim N"]
[Result "1-0"]
[WhiteElo "2625"]
[BlackElo "2525"]
[Annotator "Tiviakov,S"]
[PlyCount "59"]
[EventDate "1999.01.??"]
[EventType "swiss"]
[EventRounds "10"]
[EventCountry "ESP"]
[SourceTitle "CBM 068 Extra"]
[Source "ChessBase"]
[SourceDate "1999.03.01"]
[SourceVersion "1"]
[SourceVersionDate "1999.03.01"]
[SourceQuality "1"]

1. e4 c5 2. Nf3 d6 3. d4 cxd4 4. Nxd4 Nf6 5. Nc3 a6 6. Be3 e6 {[An unexpected
choice by my opponent, who always meets 6.Be3 with 6...e5.]} 7. Qd2 {[Usually
I play 7.Be2, only occasionally opting for the sharp lines, arising after 7.
Qd2, 8.f3, 9.g4. But it's an excellent choice against those, not knowing the
theory very well. Any mistake by Black here can be fatal for him.]} b5 {
[Last December in Groningen Alex Yermolinsky (also not familiar with the
latest theoretical developments in the line) took another approach. After} (
7... Nc6 8. f3 Nxd4 9. Bxd4 b5 10. g4 h6 11. O-O-O {the game transposed into
the B66 Rauzer with White having an extra tempo. In comparison with the line 5.
..Nc6 6.Bg5 e6 7.Qd2 a6 8.0-0-0 h6 9.Be3 Nxd4 10.Bxd4 b5 11.f3, here White has
already played g2-g4. Later Alex was able to hold the game.}) 8. f3 Bb7 9. g4
h6 10. O-O-O Nbd7 11. h4 b4 12. Na4 {[I have been studying this variation
recently.]} d5 $6 {[After it Black starts having problems.} (12... Qa5 {
is better. After} 13. b3 {Black has 3 moves at his disposal.} Nc5 $1 {is the
move, White must most worry about. After} (13... d5 $6 {can be met by} 14. e5
$5 {with advantage. E.g.} (14. Bh3 {transposes into the line with 12...d5 13.
Bh3 Qa5 14.b3.}) 14... Ng8 (14... Nxe5 15. Nxe6 d4 (15... fxe6 16. Bb6 $18 {
loses the queen.}) 16. Bxd4 Nxf3 17. Qe3 fxe6 18. Qxe6+ Be7 19. Bxf6 gxf6 20.
Rd7 Rh7 21. Rxb7 Qe5 22. Qxe5 fxe5 23. Bd3 Rh8 24. Bg6+ {1-0 Lungu,
L-Dumitrescu,Dragos/Ch Romania (team), Romania 1993}) 15. f4 Nc5 16. Nxc5 Bxc5
17. Kb1 (17. a4 $5 {also deserves attention.}) 17... Ne7 18. f5 Qb6 19. Rh3 Bc8
20. Qf2 exf5 21. gxf5 $16 {Jazbinsek,Sebastjan-Tratar,Marko/Ch Slovenia 
(cadets) (under 20), Slovenia 1994}) (13... Be7 $5 $13 {, which took place in
the game Korneev,Oleg-Galkin,Alexander/Cup Russia (open), Novgorod (Russia)
1997, leads to an unclear position. For the complete analysis of the game by A.
Galkin see Chess Informant 70/214.}) 14. a3 Nxa4 15. axb4 Qc7 16. bxa4 d5 $44 {
Black in Paragua,Mark-Leroy,Adrien/It (open), Linares (Spain) 1995 had a
compensation for the pawn. Further analysis and practical tests are required
to correctly evaluate the position, critical for the fate of the whole
variation with 12.Na4.} (16... Nd7 $6 {is worse. After} 17. Nb3 Be7 18. Bd4 O-O
19. g5 h5 20. Bd3 Rfc8 21. f4 $16 {White in Murawski,Grzegorz-Stypka,
Mieczyslaw/Ch Poland (team), Lubniewice (Poland) 1994 has an upper hand.})) 13.
Bh3 Qa5 (13... Ne5 {is not able to neutralise White attack. After} 14. g5 Nfd7
(14... Nc4 $6 {led Black to a quick loss after} 15. Qe2 Qa5 16. b3 Nxe3 17.
Qxe3 Nd7 18. exd5 O-O-O 19. dxe6 fxe6 20. Nxe6 Re8 21. Rxd7 {1-0 Nedev,
Trajce-Aleksieva,Silvia/It (cat.7), Star Dojran (Macedonia) 1996}) 15. b3 $16 {
White is better. See the game Korneev,Oleg-Mrdja,Milan/Cutro 1997, annotated
by Korneev in Chess Informant 70/215.} (15. f4 $5 Nc4 16. Qe2 $40 {is also
possible.})) 14. b3 Nc5 $6 {[Black is, probably, not able to save the game
after this move. For} (14... dxe4 15. g5 $16 {see the game Blehm,Pawel-Jonsson,
Bjorgvin/It (open), Cappelle la Grande (France) 1995, published in the Chess
Informant 63/192.}) (14... e5 15. g5 exd4 16. Bxd4 $16 {also leaves Black only
a few hopes.}) (14... g5 $8 {is the only move, preventing the march of the
pawn g4. After} 15. hxg5 hxg5 16. Bxg5 $5 (16. e5 Nxe5 17. Bxg5 Be7 18. Bxf6
Bxf6 19. g5 Bg7 20. f4 $14 {with slightly better chances for White took place
in the game Korneev,Oleg-Van Wely,Loek/It (open) (active), Villarrobledo 
(Spain) 1998}) 16... dxe4 17. Bxf6 Nxf6 18. g5 $36 {White keeps the initiative.
}) 15. g5 (15. Nxc5 $5 {is an alternative to the text. After} Bxc5 16. a4 dxe4
17. g5 Nd5 18. g6 $16 {White attack is very strong. E.g.} f5 19. fxe4 Nxe3 20.
Nxe6 Bc6 21. exf5 Ke7 22. Nxc5 Qxc5 23. Rhe1 Rhe8 24. Rxe3+ Kf8 25. Rxe8+ Rxe8
26. f6 Qe5 27. Qxb4+ {1-0 Arakhamia,Ketevan-Zatulovskaya,Tatiana/Cup World 
(open), Palma de Majorca (Spain) 1989}) 15... Nxa4 (15... Nfd7 16. g6 e5 17.
gxf7+ Kxf7 18. exd5 exd4 19. Bxd4 $18 {is hopeless for Black. White easily
gets the full point.} Bd6 20. Rhg1 Rag8 21. Be6+ Ke8 22. Rg6 Qc7 23. Bxg8 Rxg8
24. Rxd6 Qxd6 25. Qe3+ Kd8 26. Bxc5 Qf6 27. Bxb4 Qxh4 28. Ba5+ {1-0 Nedev,
Trajce-Palac,Mladen/Olympiad, Yerevan (Armenia) 1996}) 16. bxa4 hxg5 {[Black
is not able to defend the pawn e6 by} (16... Nd7 17. g6 Nc5 18. gxf7+ Kxf7 {
, since White has} 19. Nb3 {at his disposal. After} Nxb3+ 20. axb3 $18 {
White king is safe, while the Black one is an easy target for the White pieces.
See Gunawan,Ruben-Paschall,William M/It (open), New York (USA) 1994}) (16...
Qxa4 {is met by} 17. Kb1 $1 $16 (17. gxf6 Qxa2 $44 {gives Black compensation
for the piece.})) 17. hxg5 Rxh3 (17... dxe4 18. gxf6 $18 {and}) (17... Nd7 18.
g6 $18 {are both hopeless for Black.}) (17... Qxa4 {is followed by} 18. Kb1 {.}
) 18. Rxh3 Nd7 19. g6 Qxa4 20. gxf7+ Kxf7 21. Kb1 e5 (21... dxe4 $142 $16 {
further opens the Black king, but it should have been played, since at least
Black wins another pawn.}) 22. Nb3 Rc8 $6 {[I would have played} (22... d4 $142
{here, since the inclusion of the moves 22...Rc8 23.Rh5 is in White's favour.})
23. Rh5 $1 $18 {[Keeping the eye on the pawn e5.} (23. exd5 Nf6 $132 {
unnecessarily gives Black some counter-play due to the threat Nxd5-c3.}) 23...
d4 24. Rf5+ Ke8 25. Qh2 $1 Qc6 {[Black can't take the bishop e3. E.g.} (25...
dxe3 26. Qh5+ Kd8 27. Rxf8+ $18 {, winning.}) (25... g6 {loses after} 26. Rxe5+
Nxe5 27. Qxe5+ $18 {.}) 26. Na5 Qe6 27. Bxd4 g6 {[If} (27... exd4 {, then} 28.
Nxb7) 28. Rxf8+ Kxf8 (28... Nxf8 29. Nxb7 exd4 (29... Rc7 30. Nc5 $5 Qd6 31.
Rd3) 30. Nd6+) 29. Nxb7 exd4 30. Qh8+ {[Black resigned, since 30...Qg8 loses
after 31.Qxd4.]} 1-0

[Event "Groningen PCA"]
[Site "Groningen"]
[Date "1993.??.??"]
[Round "5"]
[White "Anand, Viswanathan"]
[Black "Beliavsky, Alexander G"]
[Result "1-0"]
[WhiteElo "2725"]
[BlackElo "2635"]
[Annotator "Vaisser,A"]
[PlyCount "75"]
[EventDate "1993.12.??"]
[EventType "swiss"]
[EventRounds "11"]
[EventCountry "NED"]
[SourceTitle "CBM 039"]
[Source "ChessBase"]
[SourceDate "1994.04.01"]
[SourceVersion "1"]
[SourceVersionDate "1994.04.01"]
[SourceQuality "1"]

1. e4 {Boensch Ftacnik} c5 2. Nf3 d6 3. d4 cxd4 4. Nxd4 Nf6 5. Nc3 a6 6. Be3 e6
7. f3 b5 8. g4 h6 9. Qd2 Nbd7 (9... Bb7 {Boensch} 10. h4 b4 $146 11. Nce2 d5
12. e5 Nfd7 13. f4 $1 $14 {(Ftacnik) Anand,V-Ftacnik,L Biel (izt) 1993 1-0 37
-Inf.58/254}) 10. O-O-O Bb7 11. h4 b4 12. Nce2 d5 13. Bh3 $5 (13. exd5 $6 Nxd5
14. Bf2 Be7 (14... Bd6 $5 {Boensch}) 15. Ng3 Nc5 16. Bc4 Qc7 17. Nh5 (17. Ngf5
$3 {Boensch} exf5 18. Nxf5 Nb6 19. Bg3 Nxc4 20. Qe2 Bxf3 21. Qxf3 Qb7 22. Qxb7
Nxb7 23. Rhe1 O-O 24. Nxe7+ Kh7 25. Rd4 $18) 17... O-O-O $1 18. Bg3 Bd6 19.
Bxd6 Rxd6 20. Nxg7 Rhd8 $1 $36 {Timman-Beliavsky, Tilburg 1993}) 13... dxe4 (
13... Ne5 {Ftacnik} 14. g5 $1 (14. Nf4 $146 {Boensch} g5 15. hxg5 Nc4 $2 (15...
hxg5 16. Nfxe6 fxe6 17. Nxe6 Qd6 18. Nxg5 $36) 16. Qe2 Qa5 17. Kb1 hxg5 18.
Nfxe6 fxe6 19. Bxg5 Be7 20. Nxe6 $16 {(Vera) De la Riva-Vera,J Sitges 1993 0-1
30 -Inf.58/253}) (14. Qe1 {-Inf.55/238}) 14... Nc4 15. Qd3 Qa5 (15... Nd7 16.
exd5 Nde5 17. Qb3 Bxd5 18. Nxe6 fxe6 19. Bxe6 Bxe6 20. Rxd8+ Rxd8 21. Nf4 Bf5
22. Nh5 Rc8 23. gxh6 Nd3+ 24. Kb1 $16 {Renna,T-Goregliad,S/Nassau Masters (03)/
1992/1-0 (39)}) 16. Kb1 Nd7 17. g6 $1 Nc5 $8 18. gxf7+ Kxf7 19. Bxe6+ Ke8 20.
Nb3 Nxd3 21. Nxa5 Ndxb2 22. Nxb7 Nxd1 23. Bd4 Nc3+ 24. Nxc3 $16 {Ernst,
Th-Stohl,I/Manila ol/1992/0.5 (66)}) (13... Qa5 {Ftacnik} 14. Kb1 dxe4 (14...
g6 $5 15. g5 Nh5 16. f4 $16 O-O-O 17. f5 gxf5 18. exf5 e5 19. Ne6 $1 fxe6 20.
fxe6 Kb8 21. exd7 d4 22. Nxd4 $1 exd4 23. Qxd4 $18 {Magem Badals,
J-Brenninkmeijer,J/Novi Sad ol/1990/}) 15. g5 hxg5 (15... exf3 $6 16. gxf6 $1
Nxf6 $8 17. Ng3 $5 Bd5 18. Nb3 Qc7 19. Bf4 Bd6 20. Bxd6 Qxd6 21. Rhg1 Qb6 $1
22. Nd4 O-O-O $16 {Varavin,V-Neverov,V/Smolensk/1991/}) 16. hxg5 exf3 17. Ng3
Rxh3 (17... Bd5 18. Nb3 Qc7 19. Bf4 {Boensch} Bd6 20. Bxd6 Qxd6 21. gxf6 Nxf6
22. Qg5 $16 {Magem Badals,J-Vera,J Barcelona (2) 1990 1-0 29}) 18. Rxh3 Nd5 {
Grosar,A-Rychagov,M/Debrecen EU-chT (4) SLO-EST/1992/0.5 (19)}) 14. g5 (14. f4
{Ftacnik} Nd5 15. g5 Nxe3 16. Qxe3 Qb6 17. Ng3 Nc5 18. Bg2 hxg5 19. hxg5 Rxh1
20. Bxh1 Rd8 21. Bxe4 Nxe4 22. Nxe4 Bxe4 23. Qxe4 Bc5 24. Nf5 $14 {Grosar,
A-Belotti,B/Aosta op (06)/1990/1-0 (41)}) 14... hxg5 (14... exf3 {Ftacnik} 15.
Nf4 (15. Ng3 Nd5 16. g6 Nc5 17. gxf7+ Kxf7 18. Nxf3 $5 Bd6 19. Rhf1 $1 Kg8 20.
Bxc5 Bf4 21. Bxe6+ Kh7 22. Qxf4 Nxf4 23. Rxd8 Raxd8 24. Bf5+ {Savko,
A-Karklinsh/USSR/1990/1-0 (37)}) 15... Ne4 16. Qe1 Bd6 (16... Qa5 $6 17. g6 f5
18. Nfxe6 Qxa2 19. Nb3 Rc8 20. Rxd7 Kxd7 21. Bxf5 Ke8 22. Bxe4 Bxe4 23. Bc5
Bxc5 24. Nexc5 $18 {De la Villa Garcia,J-Martin,V/Sevilla op (2)/1993/1-0 (26)}
) (16... f2 $2 17. Bxf2 Bd6 18. Nfxe6 $1 fxe6 19. Bxe6 Qe7 $18 {Magem Badals,
J-Rojo Huerto,G/Espana ch/1990/}) 17. g6 O-O $1 18. gxf7+ Rxf7 19. Bxe6 Qf6 20.
Nd5 Bxd5 21. Bxd5 $13 {Magem Badals,J-Danailov,S/Sitges/1990/}) 15. hxg5 exf3
16. Nf4 Ne4 17. Qe1 f2 $1 (17... Nxg5 $2 18. Ndxe6 $1 fxe6 19. Bxe6 (19. Nxe6
$1 {Ftacnik} Nxe6 20. Bxe6 Rxh1 21. Qxh1 Nf6 (21... Qa5 22. Bxd7+ Kf7 23. Qh2
$40) 22. Rxd8+ Rxd8 23. Qg1 $16) 19... Nxe6 20. Rxh8 Qf6 21. Rd6 $1 O-O-O 22.
Nxe6 {1:0, Romero Holmes - Tukmakov, Wijk an Zee B, 1991}) 18. Bxf2 Qxg5 $1 (
18... Nxf2 $2 19. Bxe6 $1 (19. Ndxe6 {Ftacnik} fxe6 20. Qxe6+ Qe7 21. Qg6+ Kd8
22. Rxd7+ Qxd7 23. Qb6+ Ke7 24. Ng6+ $18) 19... fxe6 (19... Rxh1 $2 20. Bxf7+
$1 Kxf7 21. Qe6#) 20. Ndxe6 Qe7 21. Rxh8 Nxd1 22. Ng6 $18) 19. Be3 Qh4 $1 {
?! Ftacnik} (19... Qe7 {Ftacnik} 20. Ndxe6 Rxh3 21. Nxg7+ Bxg7 22. Rxh3 $13)
20. Ndxe6 $1 {!! Boensch} Qxe1 (20... fxe6 {Ftacnik} 21. Bxe6 Qxh1 (21... Qxe1
{Boensch} 22. Bxd7+ Kf7 23. Be6+ Ke8 24. Rhxe1 $16) 22. Bxd7+ Kf7 23. Qe2 $1 (
23. Be6+ Ke8 24. Qxh1 Rxh1 25. Rxh1 $14) (23. Qxh1 Rxh1 24. Rxh1 Nc5 25. Rd1
Rd8 $13) 23... Qh6 (23... Bd6 24. Qc4+ Ke7 25. Ng6+ Kxd7 26. Ne5+ Kd8 27. Bb6+
Ke8 28. Qf7#) 24. Qc4+ Ke7 25. Qc7 $40) 21. Nxg7+ (21. Nc7+ $2 {Ftacnik} Kd8
22. Rhxe1 Rxh3 23. Nxa8 (23. Bb6 Rh4 $13) 23... Rxe3) 21... Kd8 $6 {? Boensch}
(21... Bxg7 $5 22. Bxd7+ Kf8 23. Rxh8+ (23. Rhxe1 $5) (23. Rhxe1 $14 {Boensch})
23... Bxh8 24. Rxe1 $44 a5) 22. Rhxe1 (22. Bb6+ $2 {Boensch} Ke7 23. Nf5+ Kf6
24. Bd4+ Kg5 25. Rdxe1 Rxh3 26. Nxh3+ Kxf5 $17 {(fritz2)}) 22... Rxh3 23. Nxh3
Bxg7 24. Ng5 $1 Ke8 $6 {? Boensch} (24... Nxg5 $4 25. Bb6+ Kc8 26. Re8#) (24...
Ke7 $4 25. Nxe4 Bxe4 26. Bg5+ $18) (24... Nef6 {Ftacnik} 25. Nxf7+ Kc7 26. Bf4+
Kb6 27. Re6+ $16) (24... Kc8 {Boensch} 25. Nxf7 a5 26. Bf4 Ra6 $10) 25. Nxf7 $1
Ne5 $6 (25... Rc8 $2 26. Nd6+ Nxd6 27. Rxd6) (25... Ndf6 $5) (25... Kxf7 {
Ftacnik} 26. Rxd7+ $18) (25... Bf8 {Ftacnik} 26. Ng5 Ndf6 27. Nxe4 Nxe4 28. Rd4
Be7 29. Bf4 Nf6 30. Bd6 Ng8 31. Rg4 (31. Rxb4 Bc6 32. Rg4 $16) 31... Kd7 32.
Bxe7 Nxe7 33. Rxe7+ Kxe7 34. Rg7+ Kd6 35. Rxb7 Kc6 $14) 26. Nd6+ $1 (26. Nxe5
$6 Bxe5 27. Bc5 a5 28. Rxe4 Bxe4 29. Re1 Rc8 30. Bd4 $1 Rxc2+ 31. Kd1 Kd7 32.
Rxe4 Rc4 33. Rxe5 Rxd4+ 34. Kc2 a4 $10) 26... Nxd6 27. Rxd6 $16 Kf8 (27... Kf7
$2 28. Bd4 Nf3 29. Rd7+) (27... Nf3 $2 28. Re2) (27... Rd8 {Ftacnik} 28. Rb6
$16) 28. Bh6 $1 (28. Bd4 $2 Re8) 28... Bxh6+ (28... Re8 29. Rf6+ (29. Bxg7+ {
Ftacnik} Kxg7 30. Rxe5 Rxe5 31. Rd7+ $18) 29... Kg8 30. Rg1 Re7 31. Rb6 $18)
29. Rxh6 Nf7 30. Rb6 Bd5 31. Rxb4 Rc8 32. Rb6 a5 33. a4 (33. Rb5 $2 Bxa2 34. b3
a4 35. Kb2 axb3 36. cxb3 Bxb3 $10) 33... Bc6 34. b3 Bd7 (34... Nd8 $5 35. Ra6
Nb7 36. Re6 Bd5) 35. Kb2 Rc5 (35... Nd8 {Ftacnik} 36. Rf6+ $1) 36. Rb8+ Kg7 37.
Rb7 $18 Bc8 (37... Bf5 38. c4 Kf6 39. Rb5 Ne5 40. Kc3 Nd7 41. Kd4 $18) 38. Rb5
1-0

[Event "KasparovChess GP g/60"]
[Site "Internet"]
[Date "2000.02.13"]
[Round "2.1"]
[White "Kasparov, Garry"]
[Black "Van Wely, Loek"]
[Result "1/2-1/2"]
[WhiteElo "2851"]
[BlackElo "2646"]
[Annotator "Van Wely/Cifuentes"]
[PlyCount "75"]
[EventDate "2000.02.09"]
[EventType "k.o."]
[EventRounds "4"]
[EventCountry "NET"]
[SourceTitle "CBM 076"]
[Source "ChessBase"]
[SourceDate "2000.05.31"]
[SourceVersion "1"]
[SourceVersionDate "2000.05.31"]
[SourceQuality "1"]

1. e4 c5 2. Nf3 d6 3. d4 cxd4 4. Nxd4 Nf6 5. Nc3 a6 6. Be3 e6 7. f3 b5 8. g4 h6
9. Qd2 Nbd7 10. O-O-O Bb7 11. h4 b4 12. Na4 Qa5 13. b3 Be7 $5 {Ftacnik: 'Van
Wely avoids confrontation in the line 13..Nc5, that Kasparov knows so well.'} (
13... Nc5 14. a3 $13) 14. Kb1 (14. Rh2) (14. Bd3) (14. Bh3 g5 $1 15. Bg2 Rg8
$13) (14. Bg2) (14. Be2) 14... Nc5 (14... d5 $6 15. Bh3 dxe4 (15... g5 16. hxg5
hxg5 17. Bxg5 dxe4 18. Bxf6 Nxf6 19. g5 e3 20. Qxe3 Nd5 21. Qe1 $1 (21. Qg1
Bxg5 (21... Rg8) (21... Nf4)) 21... Nf4 (21... Bxg5 22. Nxe6) 22. Bxe6 $1 (22.
Bg4 Rxh1 23. Qxh1 Qxg5) 22... Rxh1 23. Bd7+ $1 $18) 16. g5 hxg5 17. hxg5 Nd5
18. g6 $1 O-O-O 19. fxe4 Nc3+ 20. Nxc3 bxc3 21. Qe2 Nc5 22. gxf7 Rxh3 23. Rxh3
Bxe4 24. Bc1 e5 25. Ne6 $1 Rxd1 26. Rh8+ Kd7 27. f8=Q {1-0 Korneev,O-Herrera,I/
Open, Malaga ESP 1999 (27)}) 15. Nxc5 (15. a3 Nxa4 16. axb4 Qc7 17. bxa4 d5 18.
e5 (18. Bf4 e5 19. Bg3 dxe4) 18... Nd7 19. f4 Nb6 20. Bf2 Nxa4 21. Rh3 Rc8 22.
Be1 Nb6 $13) (15. Nb2 $2 Ncxe4 $1) 15... dxc5 16. Ne2 Rd8 (16... c4 $5 17. Bg2
cxb3 (17... c3 18. Qe1 $14) 18. axb3 Rd8 19. Qc1 Nd7 20. g5 h5 21. Qb2 e5 22.
Ng3 $13) 17. Qc1 Nd7 (17... c4 18. Bg2 (18. Nf4 e5 19. Nh5 Nxh5 20. gxh5 cxb3
21. axb3 Rxd1 22. Qxd1 Bc5 $1 23. Bxc5 (23. Bxa6 Bxe3 24. Bxb7 O-O (24... Bd4
25. Bc6+ Ke7 26. Ba4 Rc8) 25. Qd5 Qa7 26. Bc6 Bd4 27. Ba4 Rc8 $44) 23... Qxc5
24. Bc4 Ke7 25. Rg1 (25. Qd2 a5 26. Rd1 Bc6) 25... Rg8 26. Rg2) (18. bxc4 Nd7
$44) 18... cxb3 19. axb3 Rxd1 (19... Nd7 {see 16..,c4}) 20. Rxd1 Nd7 21. Qd2
$14) (17... Rxd1 18. Qxd1 c4 19. bxc4 Qc7 (19... e5 20. Ng3 $14) 20. Nf4 Bc5
$11) 18. Ng3 Ne5 19. Be2 (19. Rxd8+ Qxd8 20. Be2 c4 (20... Bxh4 21. Nh5 Rg8 22.
Qb2 $14) 21. bxc4 Qc7 $13) 19... Rxd1 20. Qxd1 (20. Rxd1 Bxh4) 20... Qc7 {
Ftacnik: 'Black can be satisfied with the outcome of the opening, the only
problem is a safe location for his king.'} 21. Bf4 (21. f4 Ng6) 21... Bd6 $6 (
21... g6 $5 {/\Bf6, x Ng3}) (21... O-O 22. g5 $14) 22. Nh5 $1 g6 (22... O-O 23.
g5 $1 $14) 23. Nf6+ Ke7 24. g5 h5 (24... hxg5 $2 25. Bxg5 Kf8 26. f4 $16) (
24... Rd8 $2 25. gxh6 Nc4 26. Bxd6+ Rxd6 27. Qg1 Na3+ 28. Kc1 Rd8 29. Qg5 $18)
25. Be3 Nc6 (25... Rd8 $5 26. f4 (26. Qd2) 26... Ng4 27. Bxg4 Bxf4 $1 28. Qf3 (
28. Bxf4 Rxd1+ 29. Rxd1 Qxf4 30. Rd7+ Kf8 31. Rd8+ $11) 28... Bxe3 29. Qxe3 (
29. Bxe6 Qf4 30. Qxf4 Bxf4 31. Bd5 Bc8) 29... hxg4 30. Nxg4 Rd4 31. Nf6 Qe5 32.
Re1 a5 $13) 26. f4 {'!' Ftacnik.} Rd8 27. Qf1 Nd4 (27... Qa5 28. e5 Bc7 29. Bf3
Bb6 $13) 28. Bd3 (28. Bxa6 $6 Ra8 $1 29. Bxb7 Qxb7 30. e5 Bc7 31. Bxd4 cxd4
$132) 28... Kf8 29. Rg1 Kg7 $1 30. Bxd4 (30. f5 Bh2 $5 (30... exf5 $2 31. exf5
Bh2 32. fxg6 fxg6 33. Ne8+ Rxe8 34. Qf6+ Kg8 35. Qxg6+ Kf8 36. Rf1+ $18) 31.
fxg6 fxg6 32. Rg2 Be5 $13) 30... cxd4 31. e5 Be7 (31... Bc5 32. Qe2 a5) (31...
Bc5 $5) 32. Qe2 a5 $6 (32... Rc8 $142) 33. f5 {'!' Ftacnik. Ftacnik: 'The
attack is performed with lot of phantasy, black must be careful not to land in
a difficult position.'} exf5 34. Bxf5 d3 (34... gxf5 $2 35. Qxh5 Rh8 36. Ne8+
$1 Rxe8 37. g6 $18) (34... a4 35. Nxh5+ $5 gxh5 36. g6 Rh8 (36... f6 37. Qxh5
Rh8 38. Qxh8+ Kxh8 39. g7+ $18) 37. Qh2 (37. gxf7+ Kxf7 38. Qf2 Ke8 39. Qxd4
Bc5 40. Bg6+ Ke7 41. Qc4 Qxe5 42. Qf7+ Kd8 43. Rd1+ Kc8 44. Qd7+ Kb8 45. Qxa4
Be7 $19) 37... Qc3 38. gxf7+ Kxf7 39. e6+ Ke8 40. Qb8+ Qc8 41. Qe5 $13) 35.
Bxd3 (35. cxd3 Qb6 $13) 35... Bc5 36. e6 $2 {Ftacnik: 'This fine combination
only leads to a draw while the best move 36.Rf1! would keep the flame burning.'
} (36. Rf1 $5 Bd4 (36... Bc8 37. e6 Bxe6 38. Bxg6 fxg6 39. Qxe6 Qe7 $14) 37.
Bc4 Qxe5 (37... Ba6 38. e6 Bxc4 39. bxc4 fxe6 40. Qxe6 $18) (37... Rf8 38. Qd3
Bxe5 39. Nd7 $18) 38. Nxh5+ $1 Kh8 $8 (38... gxh5 39. Qxh5 $18) 39. Qxe5+ {
'+-' Ftacnik.} (39. Nf4 $18) 39... Bxe5 40. Nf4 $14) 36... Bxg1 37. e7 Bc6 38.
Qe5 $11 1/2-1/2

[Event "Rubinstein Memorial 37th"]
[Site "Polanica Zdroj"]
[Date "2000.08.19"]
[Round "3"]
[White "Fedorov, Alexei"]
[Black "Van Wely, Loek"]
[Result "0-1"]
[WhiteElo "2646"]
[BlackElo "2643"]
[Annotator "Van Wely/Cifuentes"]
[PlyCount "122"]
[EventDate "2000.08.17"]
[EventType "tourn"]
[EventRounds "9"]
[EventCountry "POL"]
[EventCategory "17"]
[SourceTitle "CBM 079"]
[Source "ChessBase"]
[SourceDate "2000.11.21"]
[SourceVersion "1"]
[SourceVersionDate "2000.11.21"]
[SourceQuality "1"]

1. e4 {Ftacnik} c5 2. Nf3 d6 3. d4 cxd4 4. Nxd4 Nf6 5. Nc3 a6 6. f3 e6 7. Be3
b5 8. g4 h6 9. Qd2 Nbd7 10. O-O-O Bb7 11. Bd3 Ne5 12. Rhe1 Rc8 13. Kb1 Nfd7 14.
f4 Nc4 15. Qe2 Nxe3 16. Qxe3 Qb6 (16... b4 {Ftacnik} 17. Nd5 g5 18. Nf5 Rg8 19.
Qa7 Nc5 20. Bxa6 Bxa6 21. e5 dxe5 22. Nde7 Qxe7 23. Nxe7 Bxe7 24. Rxe5 gxf4 25.
Rxc5 Bxc5 26. Qxa6 $16 {Morozevich,A-Topalov,V/Frankfurt-West Masters 1999/ 
(75)}) (16... g5 $5 $146 {Ftacnik} 17. e5 $1 gxf4 18. Qxf4 dxe5 19. Nxe6 $1 Qe7
$8 (19... Qf6 $2 20. Qd2 $1) 20. Qd2 $1 fxe6 21. Bg6+ Kd8 22. Rf1 {1-0
Morozevich,A-Van Wely,L/Wijk aan Zee/ 2000/}) 17. Nd5 $1 Qc5 (17... exd5 $6 18.
exd5+ Kd8 19. Bxb5 $1 $40 {'!!' Ftacnik.} (19. Qe8+ $2 Kc7 20. Qxf7 Qxd4 $1 21.
Bf5 Qf6 22. Qxd7+ Kb8 23. Re8 Rxe8 24. Qxe8+ Kc7 25. Qd7+ Kb6 26. a4 g6 $17))
18. b4 Qa7 19. h4 e5 20. fxe5 dxe5 (20... Nxe5 $6 21. Qf4 $36) 21. Nf5 Qxe3 22.
Nfxe3 g6 23. Kb2 Be7 24. Rh1 $2 {Ftacnik: 'Unfortunate decision, since white
abbandons defense of the vital e4 pawn. In effect black will be left with
bishops pair in a sharp unblanaced position.'} (24. Nxe7 $1 Kxe7 25. c4 bxc4
26. Nxc4 Rc7 (26... Bc6 27. Na5 Bb5 28. Bxb5 axb5 29. Rd5) 27. Na5 Rb8 28. a3
$14) (24. h5 $6 Bg5 25. c4 Bxd5 26. exd5 Bxe3 27. Rxe3 bxc4 28. Rc1 Nb6 $11)
24... Nf6 25. Nxf6+ (25. Nxe7 $2 {Ftacnik} Kxe7 $17 {xe}) 25... Bxf6 26. c4
bxc4 27. Nxc4 Rd8 28. Bc2 Ke7 $13 29. h5 Rd4 {'!' Ftacnik.} 30. Rxd4 exd4 31.
Bd3 Bc8 32. Nb6 (32. Rg1 Be6 33. Na5 Rc8 34. Bxa6 d3+ 35. Kb1 Rc3 $40 {'<=>'
Ftacnik.}) (32. e5 Bg7 (32... Bg5 33. Rg1 Be6) 33. hxg6 fxg6 34. Bxg6 Bxg4 35.
Rg1 Be6 (35... Be2 36. Bf5 $36) 36. Bd3 Bxc4 37. Rxg7+ Kf8 38. Rg3 Bxd3 39.
Rxd3 Ke7 40. Rxd4 h5 $11) 32... Bxg4 33. Nd5+ (33. hxg6 fxg6 34. Bxa6 d3+ {
'-/+' Ftacnik.}) 33... Ke6 34. hxg6 fxg6 35. Nf4+ (35. Bxa6 $132 Be5 $13 (35...
Bg5 $13) (35... Bg5 $17 {Ftacnik})) 35... Kf7 36. e5 $2 (36. Rg1 h5 37. e5 Bxe5
38. Nxg6 Re8 39. Nxe5+ (39. Rf1+ Bf6 40. Nf4 Re3 $15 (40... Kg7 $15)) 39...
Rxe5 40. Bxa6 $13) 36... Bg5 37. Nxg6 Rb8 38. a3 h5 (38... Kg7 $5 39. Nh4 Rf8
40. Bxa6 Be6 {'=/+' Ftacnik.}) 39. Nf4 (39. Rf1+ Kg7 40. Nf4 Rf8 {'=/+'
Ftacnik.}) 39... Bxf4 40. Rf1 Ke6 41. Rxf4 Kxe5 $17 {Ftacnik: 'Black has won a
pawn and his chances for success are becoming very real.'} 42. Re4+ Kd5 43. Re7
a5 44. b5 a4 $1 $17 45. Kc2 (45. Ra7 h4) 45... h4 46. Rh7 h3 47. Rh4 Bd7 (47...
Be6 $142) 48. Rh5+ Kd6 49. Bf1 (49. Rh6+ Ke5) 49... Rc8+ 50. Kd2 Rc3 51. Rh6+
Kd5 52. b6 Rb3 (52... Rxa3 $4 53. b7 Rb3 54. Bb5 $1 $18) 53. Rh7 Bf5 54. Rh5
Ke4 55. Rh6 Kf4 56. b7 Rxb7 57. Bxh3 Rb2+ 58. Kc1 Rc2+ 59. Kd1 Rh2 60. Rd6 (60.
Rh4+ Ke3) 60... Ke5 61. Rxd4 Bc2+ 0-1